| 000 | 00497cam a2200181ua 4500 | ||
|---|---|---|---|
| 001 | 6256 | ||
| 005 | 20260515114024.0 | ||
| 008 | 131127n ii |||gr||||Z||||||asm | ||
| 040 | _cMAIN | ||
| 082 | _a657 | ||
| 245 | 1 | 1 |
_aHisap parikshan bijnan : _bvolume I / _cBy Purneswar bardalai . |
| 260 |
_aGuwahati: _bPathyaputhi prastuti samanay samiti, _c1974. |
||
| 300 | _ax,232p. | ||
| 653 | _aCommerce | ||
| 653 | _aHisap parikshan bijnan | ||
| 700 | 1 |
_aBardaloi,Purneswar, _eAuthor., |
|
| 942 | _cBK | ||
| 999 |
_c5403 _d5403 |
||